00924cam a22002533a 450000100040000000500170000400800410002102000370006202000180009904000420011705000290015910000270018824500690021526000350028430000400031949000380035950000320039750500080042952001460043752100200058352100200060365500300062370000170065399420230718085902.0910309s1991 nyua j 000 1 eng d a0590436449 :c$2.75 ($3.50 Can.) a9780590436441 aJEDcJEDdOHIdBTCTAdBAKERdDLCbeng00aCPB Box no. 2576 vol. 291 aMartin, Ann M.,d1955-10aKaren's goldfish /cAnn M. Martin ; illustrations by Susan Tang. aNew York :bScholastic,c1991. a98 pages billustrations. ;c20 cm.1 aBaby-sitters little sister ;v#16 a"A Little Apple paperback." aN  aKaren and her little brother Andrew are getting goldfish for pets. When something happens to Karen's goldfish Crystal Light, Karen is so sad. a570 bLexile  aN bRaz-Plus  7aChildren's stories.2lcsh1 aTang, Susan.